000 00968nam a22002057a 4500
999 _c57224
_d57224
003 Ge_BSU
005 20200121161912.0
008 200121s2013 ge ||||| |||| 00| 0 geo d
020 _a9789941058431
041 _ageo
080 _a271.22-726.1(479.22) ვ-21
100 _aვარდოსანიძე, სერგო.
_96279
245 _aპატრიარქები. წ. II :
_bპატრიარქი კალისტრატე ; პატრიარქი მელქისედეკ III /
_c სერგო ვარდოსანიძე ; რედ. ზაზა აბზიანიძე.
264 _aთბილისი,
_c2013.
300 _a214 გვ. ;
_bილ .;
_c22 სმ.
653 _aსაქართველოს პატრიარქები.
653 _aრელიგია
700 _aაბზიანიძე, ზაზა
_eრედაქტორი
_92005
942 _2udc
_cBK